MARC

LEADER 00000nam0a2200000 4500
001 237610
005 20231101231542.0
035 |a (RuTPU)RU\TPU\book\258785 
090 |a 237610 
100 |a 20130516d1970 km y0rusy50 ca 
101 0 |a rus 
102 |a RU 
105 |a a z 001zy 
200 1 |a Планетарные процессы и изменения природы Земли  |f В. Н. Степанов 
210 |a Москва  |c Знание  |d 1970 
215 |a 64 с.  |c ил. 
225 1 |a Наука о Земле  |v 1979, № 11 
320 |a Библиогр. в примеч. 
320 |a Библиография в конце книги. 
606 1 |a Солнечная система  |x Эволюция  |2 stltpush  |3 (RuTPU)RU\TPU\subj\55501  |9 73523 
610 1 |a планетарные процессы 
610 1 |a Земля 
610 1 |a возникновение 
610 1 |a развитие 
610 1 |a геосфера 
610 1 |a основные циклы 
675 |a 523.4  |v 3 
700 1 |a Степанов  |b В. Н.  |g Виталий Николаевич 
801 1 |a RU  |b 63413507  |c 20130516 
801 2 |a RU  |b 63413507  |c 20140214  |g RCR 
942 |c BK